Croatian players in Premier League (2000-) - Statistics

General Stats
  • This quiz has been taken 92 times
  • The average score is 13 of 26
Answer Stats
Ranking Player Positions Nationality Matches Goals (assists) Periods Clubs % Correct
4 Luka Modrić MF 127 13 (15) 2008-2012
99%
2 Dejan Lovren DF 162 7 (4) 2013-2020
97%
1 Mateo Kovačić MF 203 11 (15) 2018-2025
96%
14 Ivan Perišić DF, MF, FW 39 1 (9) 2022-2024
90%
10 Joško Gvardiol DF 65 9 (1) 2023-2025
88%
5 Vedran Ćorluka DF 119 2 (8) 2007-2012
74%
3 Niko Kranjčar MF 154 20 (15) 2006-2011, 2014-2015
67%
21 Davor Šuker FW 11 2 (0) 2000-2001
64%
13 Eduardo da Silva FW 41 8 (7) 2007-2008, 2009-2010
64%
19 Andrej Kramarić MF, FW 15 2 (2) 2014-2016
59%
20 Duje Ćaleta-Car DF 13 1 (0) 2022-2023
58%
15 Nikola Vlašić MF, FW 31 1 (0) 2017-2018, 2021-2022
58%
6 Nikica Jelavić FW 114 30 (7) 2011-2016
54%
24 Ivo Grbić GK 9 0 (0) 2023-2024
41%
26 Mislav Oršić MF, FW 1 0 (0) 2022-2023
38%
12 Nikola Kalinić FW 44 7 (2) 2009-2011
38%
8 Igor Bišćan DF, MF 72 2 (0) 2000-2005
36%
7 Ivan Klasnić FW 78 20 (6) 2009-2012
36%
11 Mario Stanić MF, FW 59 7 (4) 2000-2004
29%
16 Mladen Petrić FW 26 5 (1) 2012-2014
26%
9 Alen Bokšić FW 68 22 (6) 2000-2003
22%
17 Igor Štimac DF 19 0 (0) 2000-2001
20%
25 Boško Balaban FW 5 0 (0) 2001-2002
19%
22 Filip Krovinović MF 11 0 (0) 2020-2021
14%
23 Ivica Mornar MF, FW 10 1 (0) 2003-2004, 2005-2006
13%
18 Boris Živković DF 18 0 (1) 2003-2004
6%
No matching quizzes found
Score Distribution
Percent of People with Each Score
Percentile by Number Answered
Your Score History
You have not taken this quiz